000 00785nam a2200253Ia 4500
003 OSt
005 20220918171028.0
006 a|||||r|||| 00| 0
007 ta
008 220917b |||||||| |||| 00| 0 eng d
020 _a9781138020245 (hbk)
_c750
024 _a283,409
037 _bBBS/91, 07/01/2015, Better Book Services
_cTextual
040 _aARTS
_cARTS
_beng
041 _2eng
_aeng
082 _aY5927.2, Q4
100 _aStill Clarinda Ed.
_933306
245 0 _aDalits in neoliberal India
_b Mobility or marginalisation?
260 _aLondon
_bRoutledge UK
_c2014
300 _axix,272p.
_ccm.
650 _aSOCIOLOGY
942 _hY5927.2, Q4
_cTEXL
_2CC
999 _c137390
_d137390